000 00456nam a2200169 i 4500
001 88229
003 ES-MaACL
005 20230906175825.0
007 t|
008 050103s1972 sp ||||1| spa d
100 1 _aLaiglesia, Álvaro de.
_969667
245 1 0 _aTocata en ja
_b: novelas /
_cAlvaro de Laiglesia.
250 _a[1ª ed.].
260 _aBarcelona :
_bPlaneta,
_c[1972]
300 _a302 p. ;
_c19 cm.
852 _aES-MaACL
_jC-44836
_bR.83920
999 _c88229
_d88229